Freehand drawing

Bibliographic Details
Main Author: Thiel,Philip
Format: Book
Published: New York : Prentice hall press , 1986

MARC

LEADER 00000cam a2200000 7i4500
001 0000068412
005 20161128.0
008 161128
020 |a 0671608541 
090 0 0 |a 743.028   |b THI 
100 1 |a Thiel,Philip 
245 1 0 |a Freehand drawing   |c Philip Thiel 
260 |a New York :   |b Prentice hall press ,   |c 1986 
999 |a 0000388095   |b Book   |c Adult Collection   |e Cawangan Pontian 
999 |a 0000388097   |b Book   |c Adult Collection   |e Cawangan Muar